02475 a2200205 45000010006000000050017000060080041000230030015000640400040000790800140001192450068002592640126003273000019004535051525004729420007019975900036020041000104020409990015021449520110021595942120260407155848.0260407a1973 arg spa dAR-UNSa-BCEJYS aAR-UNSa-BCEJYSbspacAR-UNSa-BCEJYS a338.2(8)xPolítica económica. Control de la economía. gestión de la economía. planificación económica en América Latina10aLa dimensión jurídica de la integraciónpAmérica Latina 1aBuenos Aires :bBID/INTAL (Banco Interamericano de Desarrollo. Instituto para la integración de América Latina)c1973 a462 p.c22 cm. aPrimera Parte: El derecho de la ALALC: 1. La flexibilidad del Tratado de Montevideo y la integración económica en la ALALC / editorial del INTAI - 2. Replanteos / editorial del INTAI - 3. La cláusula de la nación más favorecida en el sistema jurídico de la Asociación Latinoamericana de Libre Comercio / Félix Peña - 4. El principio de reciprocidad en el Tratado de Montevideo / Carlos Ons-Indart - 5. Repartición de competencias y poderes entre la ALALC y los Estados miembros / Felipe Paolillo - Segunda Parte: 6. Los acuerdos subregionales y el Tratado de Montevideo / Emilio Cárdenas y Félix Peña - 7. Sistematización de la estructura jurídica del Acuerdo de Cartagena / Francisco Villagrán Kramer - 8. La incorporación del ordenamiento jurídico subregional al Derecho interno; análisis de la práctica y jurisprudencia de Colombia / Franco Orrego Vicuña - 9. El régimen común de la inversión extranjera en el Grupo Andino / Mauricio Guerrero - 10. El régimen uniforme de la empresa multinacional en el Grupo Andino / Gustavo Fernández Saavedra - 11. La programación conjunta del desarrollo industrial subregional y el primer programa sectorial de la industria metalmecánica / Mauricio Guerrero - Tercera Parte: El derecho del MCCA: 12. Los instrumentos legales de la integración económica centroamericana / Francisco Villagrán Kramer - 13. Los órganos del Tratado General de Integración Económica Centroamericana / Gautama Fonseca y Dante Ramírez cBK aniveau_biblio:m niveau_hierar:01 aBanco Interamericano de Desarrollo. Instituto para la Integración de América Latina (BID-INTAL) c6676d6676 00104070aBCEJYSbBCEJYSc16d2026-04-07l0o338.2(8) B213dpL13817r2026-04-07 15:58:48w2026-04-07yL